[Event "XIII - WC Individual Men"]
[Site "Malente GER"]
[Date "2004.07.25"]
[Round "2.11"]
[White "Kluss E. (LAT)"]
[Black "Frajka P. (SVK) "]
[Result "0-1"]
[WhiteElo "1805"]
[BlackElo "1805"]
[PlyCount "80"]
[EventDate "2004.??.??"]
[EventType "swiss"]
[EventRounds "11"]
[EventCountry "GER"]

1. d4 Nf6 2. c4 g6 3. g3 Bg7 4. Bg2 d6 5. Nf3 c6 6. Nc3 Bg4 7. O-O O-O 8. Re1
Re8 9. Ng5 e5 10. d5 c5 11. Nge4 Nxe4 12. Nxe4 Bf5 13. Qa4 Bxe4 14. Bxe4 Nd7
15. Qc2 f5 16. Bg2 e4 17. e3 Ne5 18. Qe2 Qb6 19. Rb1 Qb4 20. b3 Nxc4 21. Rd1
Ne5 22. h3 h5 23. Bb2 Nd3 24. Bxg7 Kxg7 25. g4 Rh8 26. gxf5 gxf5 27. Rxd3 exd3
28. Qxd3 Raf8 29. f4 Rh6 30. Kf2 Qa5 31. a4 Qd8 32. Rg1 Rg6 33. Qd1 Qh4+ 34.
Ke2 Kh6 35. Qf1 Rfg8 36. Qf3 Rg3 37. Qf2 Qf6 38. Kd3 Qe7 39. Qe2 Qg7 40. Qf2
Rxg2 0-1

[Event "XIII - WC Individual Men"]
[Site "Malente GER"]
[Date "2004.07.25"]
[Round "2.11"]
[White "Carmichael I. (SCO)"]
[Black "Peshev T. (BUL)"]
[Result "1/2-1/2"]
[WhiteElo "1805"]
[BlackElo "1840"]
[PlyCount "88"]
[EventDate "2004.??.??"]
[EventType "swiss"]
[EventRounds "11"]
[EventCountry "GER"]

1. e4 c6 2. d4 d5 3. e5 Bf5 4. Bd3 Bxd3 5. Qxd3 e6 6. f4 g6 7. Nf3 Nd7 8. O-O
c5 9. c3 c4 10. Qd1 b5 11. a3 a5 12. Be3 Ne7 13. g4 Nb6 14. Nbd2 Nc6 15. b4 Na4
16. Qc2 Be7 17. Rfc1 O-O 18. Nf1 f6 19. Qg2 Rf7 20. Ng3 Qd7 21. Bd2 Raf8 22.
Rf1 Bd8 23. exf6 Bxf6 24. Ne5 Bxe5 25. fxe5 Qe7 26. Rxf7 Rxf7 27. Rf1 Rxf1+ 28.
Kxf1 Nb2 29. h3 axb4 30. axb4 Qa7 31. Qe2 Nd3 32. g5 Ne7 33. h4 Nf5 34. Nxf5
gxf5 35. Qh5 Qf7 36. Qxf7+ Kxf7 37. h5 Nb2 38. Kf2 Kg7 39. Kf3 Na4 40. Kf4 Nb6
41. Kg3 Kf7 42. Kh4 Na4 43. Kg3 Nb2 44. Kf3 Na4 1/2-1/2

[Event "XIII - WC Individual Men"]
[Site "Malente GER"]
[Date "2004.07.26"]
[Round "3.11"]
[White "Salov S. (RUS)"]
[Black "Nauryzgaliev A. (KAZ)"]
[Result "1/2-1/2"]
[WhiteElo "2291"]
[BlackElo "2060"]
[PlyCount "120"]
[EventDate "2004.??.??"]
[EventType "swiss"]
[EventRounds "11"]
[EventCountry "GER"]

1. e4 c5 2. Nf3 d6 3. d4 cxd4 4. Nxd4 Nf6 5. Nc3 e6 6. Be2 Be7 7. O-O a6 8. f4
Qc7 9. a4 Nc6 10. Be3 O-O 11. Kh1 Re8 12. Bf3 Rb8 13. g4 Nxd4 14. Bxd4 e5 15.
Ba7 Ra8 16. Bg1 Be6 17. f5 Bc4 18. Re1 b5 19. axb5 axb5 20. Rxa8 Rxa8 21. g5
Nd7 22. Nd5 Bxd5 23. Qxd5 Rf8 24. g6 hxg6 25. fxg6 Nf6 26. gxf7+ Rxf7 27. Qb3
Qc6 28. c3 g6 29. Qe6 Kg7 30. Be3 Qc4 31. Qxc4 bxc4 32. Ra1 Nd5 33. exd5 Rxf3
34. Ra7 Kf6 35. Bg1 Rd3 36. Rc7 Rxd5 37. Rxc4 Rd1 38. b4 d5 39. Rc6+ Kf5 40. b5
d4 41. cxd4 exd4 42. Kg2 d3 43. Be3 d2 44. Kh3 g5 45. Rc4 Bd6 46. Rd4 Bf4 47.
Bxf4 gxf4 48. Kg2 Ke5 49. Rd8 Ke4 50. Kf2 Rh1 51. Rxd2 Rxh2+ 52. Ke1 Rh5 53.
Kf2 Rxb5 54. Ra2 Rb4 55. Ra3 Rb2+ 56. Kf1 Kf5 57. Rc3 Kg4 58. Ra3 Rh2 59. Kg1
Re2 60. Kf1 Rh2 1/2-1/2

[Event "XIII - WC Individual Men"]
[Site "Malente GER"]
[Date "2004.07.26"]
[Round "3.11"]
[White "Checiak K. (POL)"]
[Black "Georgiev V. (BUL)"]
[Result "1/2-1/2"]
[WhiteElo "2117"]
[BlackElo "2332"]
[PlyCount "87"]
[EventDate "2004.??.??"]
[EventType "swiss"]
[EventRounds "11"]
[EventCountry "GER"]

1. e4 c5 2. Nf3 e6 3. d4 cxd4 4. Nxd4 Nc6 5. Nb5 d6 6. c4 Nf6 7. N1c3 a6 8. Na3
Be7 9. Be2 O-O 10. Be3 b6 11. O-O Bb7 12. Qd2 Qc7 13. Rfd1 Rac8 14. Rac1 Ne5
15. f3 Rfd8 16. Qe1 Ba8 17. Na4 Ned7 18. Qf2 Nc5 19. Nc3 Qb8 20. b4 Ncd7 21.
Na4 d5 22. exd5 exd5 23. Nc2 dxc4 24. Nxb6 Nxb6 25. Bxb6 Rxd1+ 26. Rxd1 Nd5 27.
Bc5 Bxc5 28. bxc5 Nc3 29. Re1 Nxe2+ 30. Qxe2 Bd5 31. Qe5 Qxe5 32. Rxe5 Be6 33.
Nd4 c3 34. c6 Kf8 35. a3 Ke7 36. Rc5 Rd8 37. Ne2 Kd6 38. Rxc3 Kc7 39. Kf2 Rd6
40. Ke3 Rxc6 41. Kd4 Rxc3 42. Nxc3 Kc6 43. f4 f6 44. g3 1/2-1/2

[Event "XIII - WC Individual Men"]
[Site "Malente GER"]
[Date "2004.07.26"]
[Round "3.11"]
[White "Tikhonov A. (RUS)"]
[Black "Kovalenko V.N. (UKR)"]
[Result "0-1"]
[WhiteElo "1910"]
[BlackElo "2263"]
[PlyCount "108"]
[EventDate "2004.??.??"]
[EventType "swiss"]
[EventRounds "11"]
[EventCountry "GER"]

1. e4 c5 2. Nf3 Nc6 3. Nc3 g6 4. d4 cxd4 5. Nxd4 Bg7 6. Be3 Nf6 7. Bc4 O-O 8.
Qd2 Ng4 9. Nxc6 bxc6 10. Bd4 Bxd4 11. Qxd4 Qb6 12. Qxb6 axb6 13. Be2 Nf6 14. e5
Ne8 15. O-O-O Ra5 16. f4 f6 17. Bc4+ Kg7 18. b4 Ra7 19. Rhf1 fxe5 20. fxe5 Rxf1
21. Rxf1 d5 22. Bb3 e6 23. Na4 Ba6 24. Rf4 Rb7 25. c4 g5 26. Rd4 Kg6 27. g4 Nc7
28. Bc2+ Kg7 29. Nb2 c5 30. Rd2 cxb4 31. cxd5 Nxd5 32. Bb3 Rc7+ 33. Kb1 Nc3+
34. Ka1 Ne4 35. Rd1 Nf2 36. Rg1 Nxg4 37. Na4 Nxe5 38. Bxe6 Kf6 39. Bd5 Rc2 40.
h3 Bc8 41. Rf1+ Kg7 42. Rh1 b5 43. Nb6 Bf5 44. Rg1 Kg6 45. h4 g4 46. Rh1 h5 47.
Bb3 Re2 48. Nd5 Nd3 49. Rd1 g3 50. Rg1 g2 51. Bd1 Rf2 52. Ne3 Nf4 53. Bb3 Be4
54. Rd1 Kf6 0-1

[Event "XIII - WC Individual Men"]
[Site "Malente GER"]
[Date "2004.07.26"]
[Round "3.11"]
[White "Stoklasa J. (CZE)"]
[Black "Anarkulov A. (UZB)"]
[Result "1/2-1/2"]
[WhiteElo "1805"]
[BlackElo "2166"]
[PlyCount "65"]
[EventDate "2004.??.??"]
[EventType "swiss"]
[EventRounds "11"]
[EventCountry "GER"]

1. e4 d6 2. d4 Nf6 3. Nc3 g6 4. Nf3 Bg7 5. Be2 O-O 6. h3 c5 7. Be3 cxd4 8. Nxd4
a6 9. a4 Nbd7 10. Qd2 Nc5 11. Bf3 e5 12. Nde2 Qc7 13. b4 Ne6 14. O-O Bd7 15.
Rfd1 Rfc8 16. g4 Nd4 17. Nxd4 Qxc3 18. Ne2 Qxc2 19. Qxd6 Rc6 20. Qd3 Be6 21.
Bc5 Qxd3 22. Rxd3 Bc4 23. Rd2 Bh6 24. Rd6 Bxe2 25. Rxc6 bxc6 26. Bxe2 Nxe4 27.
Bf3 Nxc5 28. bxc5 a5 29. Rb1 Bf8 30. Rb6 Bxc5 31. Rxc6 Bd4 32. Rxg6+ hxg6 33.
Bxa8 1/2-1/2

[Event "XIII - WC Individual Men"]
[Site "Malente GER"]
[Date "2004.07.26"]
[Round "3.11"]
[White "Patackas J.P. (LTU)"]
[Black "Bokros I. (HUN)"]
[Result "1/2-1/2"]
[WhiteElo "1830"]
[BlackElo "2130"]
[PlyCount "61"]
[EventDate "2004.??.??"]
[EventType "swiss"]
[EventRounds "11"]
[EventCountry "GER"]

1. e4 c5 2. Nf3 d6 3. d4 Nf6 4. Nc3 cxd4 5. Nxd4 a6 6. Be2 e6 7. Be3 Be7 8. O-O
O-O 9. f4 Qc7 10. Bf3 Re8 11. Qd2 Nc6 12. Rad1 Rb8 13. Kh1 e5 14. Nf5 Bxf5 15.
exf5 exf4 16. Bxf4 Ne5 17. Bxe5 dxe5 18. Nd5 Nxd5 19. Bxd5 Red8 20. c4 b5 21.
b3 bxc4 22. bxc4 Rb4 23. Qe2 Rdb8 24. h3 Rb2 25. Rd2 Rxd2 26. Qxd2 e4 27. Qe3
Bc5 28. Qxe4 Qg3 29. Qf3 Qe5 30. Qe4 Qg3 31. Qf3 1/2-1/2

[Event "XIII - WC Individual Men"]
[Site "Malente GER"]
[Date "2004.07.26"]
[Round "3.11"]
[White "Pushkarev G.P. (KAZ)"]
[Black "Vujcic T. (CRO)"]
[Result "1/2-1/2"]
[WhiteElo "1805"]
[BlackElo "2128"]
[PlyCount "73"]
[EventDate "2004.??.??"]
[EventType "swiss"]
[EventRounds "11"]
[EventCountry "GER"]

1. d4 Nf6 2. Nc3 d5 3. Bg5 Nbd7 4. f3 c6 5. e4 h6 6. Bxf6 Nxf6 7. e5 Ng8 8. Bd3
e6 9. Nge2 c5 10. Bb5+ Bd7 11. Bxd7+ Qxd7 12. O-O Ne7 13. f4 Nf5 14. Qd3 Rc8
15. Kh1 h5 16. Rad1 g6 17. Qh3 Rh6 18. Rf3 b5 19. dxc5 Rxc5 20. a3 a5 21. Nd4
Nxd4 22. Rxd4 Rc4 23. Rfd3 Rxd4 24. Rxd4 b4 25. axb4 axb4 26. Ne2 Bc5 27. Rd1
Qb5 28. Qd3 Qxd3 29. Rxd3 Kd7 30. Nd4 Rh8 31. Nb3 Bb6 32. g3 Rc8 33. Rd2 h4 34.
Kg2 hxg3 35. hxg3 Kc6 36. Kf3 Rh8 37. Kg2 1/2-1/2

[Event "XIII - WC Individual Men"]
[Site "Malente GER"]
[Date "2004.07.26"]
[Round "3.11"]
[White "Frajka P. (SVK) "]
[Black "Gründer M. (GER)"]
[Result "0-1"]
[WhiteElo "1805"]
[BlackElo "1805"]
[PlyCount "54"]
[EventDate "2004.??.??"]
[EventType "swiss"]
[EventRounds "11"]
[EventCountry "GER"]

1. d4 g6 2. e4 Bg7 3. Nc3 d6 4. f3 c6 5. Nge2 b5 6. Nb1 Nd7 7. c3 Ngf6 8. Be3
e5 9. dxe5 Nxe5 10. Ng3 O-O 11. a4 Nc4 12. Bc1 Bb7 13. axb5 cxb5 14. b3 Ne5 15.
Bxb5 Qb6 16. Qe2 d5 17. Be3 Qc7 18. Qc2 dxe4 19. fxe4 a6 20. Be2 h5 21. Nd2
Neg4 22. Ngf1 Nxe4 23. Rc1 Rfe8 24. Bd4 Bxd4 25. cxd4 Qf4 26. Ng3 Qf2+ 27. Kd1
Ne3# 0-1

[Event "XIII - WC Individual Men"]
[Site "Malente GER"]
[Date "2004.07.26"]
[Round "3.11"]
[White "Guy D. (WLS)"]
[Black "Hoffmann R. (GER)"]
[Result "1/2-1/2"]
[WhiteElo "2010"]
[BlackElo "2139"]
[PlyCount "72"]
[EventDate "2004.??.??"]
[EventType "swiss"]
[EventRounds "11"]
[EventCountry "GER"]

1. e4 c5 2. Nf3 a6 3. d4 cxd4 4. Nxd4 Nf6 5. Nc3 e5 6. Nb3 Bb4 7. Bd2 Nc6 8.
Bd3 d5 9. Nxd5 Nxd5 10. exd5 Qxd5 11. O-O Be6 12. Re1 Bxd2 13. Be4 Qd6 14.
Bxc6+ bxc6 15. Qxd2 Qxd2 16. Nxd2 O-O-O 17. Nf1 Rd5 18. b3 f6 19. Rad1 Rhd8 20.
Ne3 Rd4 21. Kf1 R8d7 22. Ke2 Kc7 23. c3 Rxd1 24. Rxd1 Rxd1 25. Kxd1 Kd6 26. Kc2
e4 27. c4 f5 28. Kc3 f4 29. Nc2 c5 30. a3 g5 31. b4 h6 32. Na1 cxb4+ 33. axb4
Ke5 34. Nc2 Bc8 35. Nd4 Bb7 36. g4 e3 1/2-1/2

[Event "XIII - WC Individual Men"]
[Site "Malente GER"]
[Date "2004.07.26"]
[Round "3.11"]
[White "Peshev T. (BUL)"]
[Black "Schmid J. (CZE)"]
[Result "0-1"]
[WhiteElo "1840"]
[BlackElo "2083"]
[PlyCount "116"]
[EventDate "2004.??.??"]
[EventType "swiss"]
[EventRounds "11"]
[EventCountry "GER"]

1. e4 c5 2. Nf3 Nc6 3. d4 cxd4 4. Nxd4 Qc7 5. Nc3 e6 6. Ndb5 Qb8 7. a3 a6 8.
Nd4 Nf6 9. Nb3 b5 10. Be3 Be7 11. Be2 d6 12. O-O Bb7 13. f3 O-O 14. Qc1 Qc7 15.
Rd1 Rac8 16. Bf2 Ne5 17. Qb1 Rfd8 18. Nc1 d5 19. exd5 Nxd5 20. Nxd5 Bxd5 21. c3
Bd6 22. Kh1 Ng6 23. h3 Qb7 24. Nd3 Ne7 25. Nb4 Bb3 26. Nc2 Nd5 27. Re1 Nf4 28.
Nd4 Bd5 29. Bd1 Bb8 30. Be3 Qc7 31. Bg1 Nxg2 32. Re2 Nh4 33. Bh2 Qb7 34. Re3
Bxh2 35. Kxh2 Qc7+ 36. Kh1 Qg3 37. Qc2 e5 38. Qh2 Qxh2+ 39. Kxh2 exd4 40. cxd4
Re8 41. Rd3 Re1 42. Kg3 Ng6 43. Kf2 Rh1 44. Kg2 Rxh3 45. Kxh3 Nf4+ 46. Kg3 Nxd3
47. Be2 Nxb2 48. Kf4 f6 49. Rb1 Nc4 50. Ra1 Re8 51. Bxc4 bxc4 52. Rc1 Kf7 53.
a4 g5+ 54. Kg3 h5 55. Kf2 Rb8 56. Ra1 Rb2+ 57. Kg3 Kg6 58. a5 h4+ 0-1

[Event "XIII - WC Individual Men"]
[Site "Malente GER"]
[Date "2004.07.26"]
[Round "3.11"]
[White "Wagner P. (SUI)"]
[Black "Gardarsson H. (ISL)"]
[Result "1/2-1/2"]
[WhiteElo "1810"]
[BlackElo "1984"]
[PlyCount "166"]
[EventDate "2004.??.??"]
[EventType "swiss"]
[EventRounds "11"]
[EventCountry "GER"]

1. e4 c5 2. Nf3 e6 3. d4 cxd4 4. Nxd4 a6 5. Nc3 Bb4 6. Bd3 Nc6 7. Be3 Qf6 8.
Nde2 d5 9. exd5 exd5 10. Bd2 Be6 11. O-O Nge7 12. a3 Bd6 13. Ng3 Qh4 14. Qc1 h6
15. Nce2 O-O 16. Kh1 Rac8 17. Bf4 Bxf4 18. Qxf4 Qxf4 19. Nxf4 Ne5 20. Rac1 Rc6
21. Nge2 Nxd3 22. Nxd3 Rcc8 23. Nd4 Nc6 24. c3 Nxd4 25. cxd4 Rc4 26. Rxc4 dxc4
27. Nc5 Rd8 28. Rd1 Bd5 29. Kg1 a5 30. f3 b5 31. Kf2 b4 32. axb4 axb4 33. Ra1
Re8 34. Ra4 b3 35. Rb4 f6 36. Na4 Be6 37. Nc3 Rd8 38. Ke3 Bf7 39. d5 Bxd5 40.
Nxd5 Rxd5 41. Rxc4 Rd1 42. Rc3 Rg1 43. Kf2 Rd1 44. Rxb3 Rd2+ 45. Kg3 Kf7 46. h4
h5 47. Kh3 Kg6 48. Rb5 Rd1 49. Kg3 Rd2 50. b4 Rd4 51. Rb7 Kf5 52. Rb5+ Kg6 53.
Rb7 Kf5 54. Rxg7 Rxb4 55. Kh3 Rb3 56. Kg3 Rb2 57. Rc7 Kg6 58. Rc3 Kf5 59. Kh3
Kg6 60. g4 Rb1 61. gxh5+ Kxh5 62. Rc5+ Kg6 63. h5+ Kh6 64. Kg4 Rg1+ 65. Kf4 Rh1
66. Rc6 Rxh5 67. Rxf6+ Kg7 68. Rf5 Rh1 69. Ra5 Rc1 70. Ra6 Re1 71. Kf5 Re7 72.
f4 Rb7 73. Kg5 Kg8 74. Kf5 Rf7+ 75. Ke5 Re7+ 76. Re6 Kf7 77. f5 Rxe6+ 78. fxe6+
Ke7 79. Kd5 Ke8 80. Kd6 Kd8 81. Ke5 Ke7 82. Kf5 Ke8 83. Kf6 Kf8 1/2-1/2

[Event "XIII - WC Individual Men"]
[Site "Malente GER"]
[Date "2004.07.26"]
[Round "3.11"]
[White "Bairamov A. (TKM)"]
[Black "Smatoc M. (ROU)"]
[Result "0-1"]
[WhiteElo "1805"]
[BlackElo "2090"]
[PlyCount "66"]
[EventDate "2004.??.??"]
[EventType "swiss"]
[EventRounds "11"]
[EventCountry "GER"]

1. Nf3 c5 2. c4 Nc6 3. Nc3 g6 4. g3 Bg7 5. Bg2 e5 6. d3 Nge7 7. O-O O-O 8. Bd2
h6 9. Rb1 d6 10. a3 a5 11. Nb5 Be6 12. Bc3 f5 13. e3 Rf7 14. Re1 Qd7 15. Qe2 d5
16. Red1 d4 17. exd4 cxd4 18. Be1 Raf8 19. Bd2 e4 20. Ne1 exd3 21. Qxd3 Ne5 22.
Qc2 Bxc4 23. Nxd4 Qxd4 24. Be3 Qg4 25. f3 Qh5 26. Rd4 g5 27. Rxc4 Nxc4 28. Qxc4
f4 29. Bd4 Qg6 30. Rd1 Rd8 31. Rd3 Bxd4+ 32. Rxd4 Qb6 33. Nc2 Nf5 0-1

[Event "XIII - WC Individual Men"]
[Site "Malente GER"]
[Date "2004.07.26"]
[Round "3.11"]
[White "Gardner P.K. (ENG)"]
[Black "Carmichael I. (SCO)"]
[Result "1-0"]
[WhiteElo "1830"]
[BlackElo "1805"]
[PlyCount "85"]
[EventDate "2004.??.??"]
[EventType "swiss"]
[EventRounds "11"]
[EventCountry "GER"]

1. e4 c5 2. c3 d6 3. d4 cxd4 4. cxd4 Nf6 5. Nc3 a6 6. Bd3 e6 7. Nf3 Be7 8. O-O
O-O 9. Qe2 Nc6 10. h3 Nb4 11. Bb1 Nc6 12. Bf4 Nh5 13. Bh2 g6 14. d5 Na7 15.
dxe6 Bxe6 16. Rd1 Qb6 17. g4 Ng7 18. Bf4 Rad8 19. Be3 Qc7 20. Bxa7 b6 21. Qxa6
Ra8 22. Nb5 Qd7 23. Ne5 Qc8 24. Qxc8 Rfxc8 25. Nd3 Bc4 26. Bxb6 Bxb5 27. Bd4
Ne6 28. Bc3 Ng5 29. Nf4 Ba4 30. Rc1 Nf3+ 31. Kg2 Ne5 32. Nd5 Bg5 33. f4 Bxf4
34. Nxf4 Bc6 35. Nd5 Bxd5 36. exd5 Nc4 37. Kf2 Re8 38. Re1 Rxe1 39. Kxe1 Re8+
40. Kf2 Re3 41. h4 Rh3 42. Be4 Rxh4 43. Kg3 1-0

[Event "XIII - WC Individual Men"]
[Site "Malente GER"]
[Date "2004.07.26"]
[Round "3.11"]
[White "Kluss E. (LAT)"]
[Black "Màtè B. (HUN)"]
[Result "1/2-1/2"]
[WhiteElo "1805"]
[BlackElo "2182"]
[PlyCount "49"]
[EventDate "2004.??.??"]
[EventType "swiss"]
[EventRounds "11"]
[EventCountry "GER"]

1. d4 c5 2. Nf3 cxd4 3. Nxd4 d5 4. g3 e6 5. Bg2 Nf6 6. O-O Be7 7. Nc3 O-O 8. e4
Nc6 9. exd5 Nxd5 10. Nxd5 exd5 11. c3 Bf6 12. Be3 Be6 13. Re1 Nxd4 14. Bxd4
Bxd4 15. Qxd4 Qd7 16. Rad1 Rfd8 17. Re3 Qb5 18. b3 Qa5 19. a4 Rd7 20. Re5 Rad8
21. f4 g6 22. Bf3 Qa6 23. Rde1 Rd6 24. g4 Qb6 25. Qxb6 1/2-1/2

[Event "XIII - WC Individual Men"]
[Site "Malente GER"]
[Date "2004.07.27"]
[Round "4.11"]
[White "Kovalenko V.N. (UKR)"]
[Black "Salov S. (RUS)"]
[Result "0-1"]
[WhiteElo "2263"]
[BlackElo "2291"]
[PlyCount "94"]
[EventDate "2004.??.??"]
[EventType "swiss"]
[EventRounds "11"]
[EventCountry "GER"]

1. e4 c5 2. c3 Nf6 3. e5 Nd5 4. d4 cxd4 5. Nf3 e6 6. cxd4 b6 7. Bc4 Bb7 8. O-O
d6 9. Qe2 Be7 10. Nc3 O-O 11. Qe4 dxe5 12. dxe5 Nd7 13. Qg4 Nxc3 14. Bh6 Bf6
15. exf6 Qxf6 16. Bg5 Qg6 17. h4 Qe4 18. Qxe4 Nxe4 19. Be7 Rfe8 20. Ba3 a6 21.
Rfd1 Ndf6 22. b4 b5 23. Bf1 Nc3 24. Rdc1 Na4 25. Ne5 Rac8 26. Nd3 Ne4 27. Nc5
Nexc5 28. bxc5 Bd5 29. Be2 Bc6 30. Bd1 Red8 31. Bxa4 bxa4 32. Bb4 Rd4 33. Rab1
Rxh4 34. Ba5 Rg4 35. g3 h5 36. Rb6 h4 37. Kh2 hxg3+ 38. fxg3 Kh7 39. Rxa6 Kg6
40. Rc3 Re4 41. Kg1 Re2 42. a3 Bd5 43. Rd6 Rh8 44. Rxd5 exd5 45. c6 Rhh2 46. c7
Reg2+ 47. Kf1 Rc2 0-1

[Event "XIII - WC Individual Men"]
[Site "Malente GER"]
[Date "2004.07.27"]
[Round "4.11"]
[White "Georgiev V. (BUL)"]
[Black "Patackas J.P. (LTU)"]
[Result "1-0"]
[WhiteElo "2332"]
[BlackElo "1830"]
[PlyCount "49"]
[EventDate "2004.??.??"]
[EventType "swiss"]
[EventRounds "11"]
[EventCountry "GER"]

1. e4 e5 2. Nf3 Nc6 3. Bb5 a6 4. Ba4 Nf6 5. O-O Be7 6. Re1 b5 7. Bb3 d6 8. c3
Na5 9. Bc2 c5 10. d4 Qc7 11. d5 O-O 12. h3 Ne8 13. Nbd2 g6 14. b3 Ng7 15. Nf1
f5 16. exf5 Bxf5 17. Ng3 Bxc2 18. Qxc2 Nf5 19. Ne4 Qd8 20. Qe2 Nb7 21. g4 Nh4
22. Nxh4 Bxh4 23. g5 Rf5 24. Qg4 Bxf2+ 25. Nxf2 1-0

[Event "XIII - WC Individual Men"]
[Site "Malente GER"]
[Date "2004.07.27"]
[Round "4.11"]
[White "Stoklasa J. (CZE)"]
[Black "Checiak K. (POL)"]
[Result "0-1"]
[WhiteElo "1805"]
[BlackElo "2117"]
[PlyCount "36"]
[EventDate "2004.??.??"]
[EventType "swiss"]
[EventRounds "11"]
[EventCountry "GER"]

1. e4 e5 2. Bc4 Nf6 3. d4 Nxe4 4. Nf3 d5 5. Bb3 Be7 6. Nxe5 O-O 7. O-O c6 8.
Re1 Nd7 9. Nd2 Nxe5 10. Nxe4 Ng4 11. h3 Nf6 12. Ng5 Bd6 13. Be3 Bf5 14. Nf3 Qc7
15. Rc1 b5 16. Bg5 Ne4 17. c3 Nxg5 18. Nxg5 Bf4 0-1

[Event "XIII - WC Individual Men"]
[Site "Malente GER"]
[Date "2004.07.27"]
[Round "4.11"]
[White "Smatoc M. (ROU)"]
[Black "Bokros I. (HUN)"]
[Result "1-0"]
[WhiteElo "2090"]
[BlackElo "2130"]
[PlyCount "123"]
[EventDate "2004.??.??"]
[EventType "swiss"]
[EventRounds "11"]
[EventCountry "GER"]

1. c4 Nf6 2. Nc3 b6 3. e4 e5 4. Nf3 Nc6 5. d3 Bb4 6. Bd2 O-O 7. h3 d6 8. a3
Bxc3 9. Bxc3 Ne7 10. Be2 c5 11. g3 Nc6 12. Kf1 h6 13. Kg2 Nh7 14. Nh4 Ng5 15.
Bg4 Ne6 16. Nf5 Ned4 17. Ne3 Be6 18. b4 Qd7 19. Nd5 Rae8 20. b5 Ne7 21. a4 f5
22. Bh5 Rd8 23. a5 Bxd5 24. exd5 g6 25. Bxd4 cxd4 26. Bf3 Ra8 27. Ra2 Qb7 28.
Qd2 Kg7 29. Qb4 Qc7 30. Rha1 Qc5 31. Qd2 Rac8 32. axb6 axb6 33. Ra6 Rc7 34. Qb2
Nc8 35. g4 Kf6 36. Ra8 Rff7 37. Qa3 Qxa3 38. R1xa3 f4 39. R3a6 Rg7 40. Be4 Rge7
41. Rb8 Rc5 42. h4 h5 43. Raa8 Rec7 44. gxh5 gxh5 45. Kh2 f3 46. Kg3 Rg7+ 47.
Kxf3 Rg8 48. Rxb6 Nxb6 49. Rxg8 Rc8 50. Rg6+ Ke7 51. Rg7+ Kf6 52. Rb7 Na4 53.
Rd7 Rf8 54. Kg3 Rg8+ 55. Kh2 Nc5 56. Rxd6+ Ke7 57. Rg6 Rxg6 58. Bxg6 e4 59.
dxe4 Kf6 60. Bxh5 Nxe4 61. b6 Nc5 62. Kg3 1-0

[Event "XIII - WC Individual Men"]
[Site "Malente GER"]
[Date "2004.07.27"]
[Round "4.11"]
[White "Vujcic T. (CRO)"]
[Black "Guy D. (WLS)"]
[Result "1-0"]
[WhiteElo "2128"]
[BlackElo "2010"]
[PlyCount "133"]
[EventDate "2004.??.??"]
[EventType "swiss"]
[EventRounds "11"]
[EventCountry "GER"]

1. e4 c5 2. Nf3 d6 3. d4 cxd4 4. Nxd4 Nf6 5. Nc3 g6 6. Bc4 Bg7 7. Bb3 O-O 8. f3
Nc6 9. Be3 Bd7 10. Qd2 Ne5 11. Bh6 Rc8 12. Bxg7 Kxg7 13. O-O-O Qa5 14. Nd5
Qxd2+ 15. Rxd2 Nxd5 16. exd5 b5 17. f4 Nc4 18. Re2 Rfe8 19. Rhe1 Kf8 20. Re4
Na5 21. Nf3 Rc5 22. Rd4 Bf5 23. Re2 Rec8 24. Ne1 Nxb3+ 25. axb3 a5 26. h3 h5
27. Rdd2 b4 28. Nf3 Ra8 29. Rd4 a4 30. bxa4 Rxa4 31. Ne1 Ra1+ 32. Kd2 Rb5 33.
b3 Raa5 34. Ke3 Rxd5 35. Rxb4 Ra2 36. Rc4 Rd1 37. Nf3 Bd7 38. Rc7 Be6 39. Ng5
Bf5 40. Kf2 Rc1 41. Rcxe7 Rcxc2 42. Rxf7+ Kg8 43. Rfe7 d5 44. Kf3 Rxe2 45. Rxe2
Ra3 46. Rb2 d4 47. g4 hxg4+ 48. hxg4 Bd7 49. Ke4 Bxg4 50. Kxd4 Bf5 51. b4 Bd3
52. b5 Bf1 53. b6 Ra8 54. b7 Rb8 55. Kc5 Ba6 56. Kc6 Rxb7 57. Rxb7 Bxb7+ 58.
Kxb7 Kg7 59. Kc7 Kf6 60. Kd7 Kf5 61. Ne6 Kf6 62. Kd6 Kf5 63. Ke7 g5 64. fxg5
Kg6 65. Kf8 Kh7 66. Kf7 Kh8 67. Kg6 1-0

[Event "XIII - WC Individual Men"]
[Site "Malente GER"]
[Date "2004.07.27"]
[Round "4.11"]
[White "Schmid J. (CZE)"]
[Black "Tikhonov A. (RUS)"]
[Result "1-0"]
[WhiteElo "2083"]
[BlackElo "1910"]
[PlyCount "141"]
[EventDate "2004.??.??"]
[EventType "swiss"]
[EventRounds "11"]
[EventCountry "GER"]

1. e4 e6 2. d4 d5 3. Nd2 c5 4. exd5 exd5 5. Ngf3 Nf6 6. Bb5+ Bd7 7. Bxd7+ Nbxd7
8. O-O Be7 9. dxc5 Nxc5 10. c3 O-O 11. Nb3 Nce4 12. Be3 Qc7 13. h3 Rac8 14.
Nbd4 Bc5 15. Qb3 b6 16. Rfd1 Rfe8 17. Qa4 Qb7 18. Re1 a6 19. Rad1 b5 20. Qb3
Bb6 21. Nf5 g6 22. Bxb6 Qxb6 23. N5d4 Kg7 24. Re3 Red8 25. Nd2 Nc5 26. Qc2 b4
27. cxb4 Nce4 28. Qd3 Qxb4 29. N4b3 Qa4 30. Qd4 Qxd4 31. Nxd4 Nxd2 32. Rxd2
Rc1+ 33. Kh2 Ne4 34. Rde2 Rd1 35. Nc6 Rd6 36. Nb4 f5 37. Rd3 Rxd3 38. Nxd3 d4
39. f3 Nf6 40. Re7+ Kg8 41. Kg3 Nd7 42. h4 a5 43. Re8+ Kf7 44. Ra8 Rd5 45. Ra7
Ke7 46. Kf2 Kd6 47. Ke2 Rb5 48. Kd2 Ne5 49. b3 h5 50. Rg7 a4 51. bxa4 Ra5 52.
Nb2 Kd5 53. Rc7 f4 54. Rc8 Ra6 55. Rd8+ Kc5 56. Ke2 g5 57. Rh8 Kd5 58. Rxh5 Re6
59. Kd2 Rb6 60. Nd3 Nc4+ 61. Ke2 Re6+ 62. Kf2 Re3 63. Rxg5+ Kd6 64. Nxf4 Ne5
65. Rg8 Ra3 66. Rd8+ Nd7 67. h5 Rxa2+ 68. Kf1 Rxa4 69. h6 Ra1+ 70. Ke2 Rh1 71.
Nh3 1-0

[Event "XIII - WC Individual Men"]
[Site "Malente GER"]
[Date "2004.07.27"]
[Round "4.11"]
[White "Simoes J.W. (POR)"]
[Black "Pushkarev G.P. (KAZ)"]
[Result "1-0"]
[WhiteElo "2048"]
[BlackElo "1805"]
[PlyCount "119"]
[EventDate "2004.??.??"]
[EventType "swiss"]
[EventRounds "11"]
[EventCountry "GER"]

1. e4 e5 2. Nf3 Nc6 3. Bb5 a6 4. Ba4 d6 5. O-O Nf6 6. Re1 Be7 7. d4 b5 8. dxe5
Ng4 9. Bb3 Ngxe5 10. Nxe5 Nxe5 11. Nc3 c6 12. Bf4 Ng6 13. Bg3 O-O 14. Ne2 Be6
15. Nd4 Qd7 16. Nxe6 fxe6 17. Qg4 Kh8 18. Bxe6 Qc7 19. Bf5 Rf6 20. Bxg6 Rxg6
21. Qe2 Re6 22. a3 Bf6 23. c3 Rae8 24. Qd3 Qe7 25. f3 d5 26. exd5 Qc5+ 27. Kf1
cxd5 28. Rxe6 Rxe6 29. Re1 Rxe1+ 30. Bxe1 h6 31. Bf2 Qd6 32. g3 Qe6 33. Bd4 Bg5
34. f4 Be7 35. Qe3 Qh3+ 36. Kg1 Qd7 37. Qe5 Bf8 38. Qb8 Qe7 39. Kf2 Kh7 40. Qe5
Qd7 41. Kg2 a5 42. h3 b4 43. axb4 axb4 44. g4 bxc3 45. bxc3 Qf7 46. f5 Be7 47.
Kf3 Bg5 48. Ke2 Qb7 49. Kf3 Bf6 50. Qe8 Bxd4 51. cxd4 Qb3+ 52. Qe3 Qd1+ 53. Kf4
Qa4 54. h4 Qc4 55. g5 Qc7+ 56. Kg4 Qd7 57. g6+ Kh8 58. Qe6 Qd8 59. f6 gxf6 60.
Kf5 1-0

[Event "XIII - WC Individual Men"]
[Site "Malente GER"]
[Date "2004.07.27"]
[Round "4.11"]
[White "Gardarsson H. (ISL)"]
[Black "Gardner P.K. (ENG)"]
[Result "1/2-1/2"]
[WhiteElo "1984"]
[BlackElo "1830"]
[PlyCount "49"]
[EventDate "2004.??.??"]
[EventType "swiss"]
[EventRounds "11"]
[EventCountry "GER"]

1. Nf3 Nf6 2. c4 c5 3. Nc3 Nc6 4. d4 cxd4 5. Nxd4 g6 6. Nxc6 bxc6 7. g3 Bg7 8.
Bg2 O-O 9. Bd2 d5 10. cxd5 Nxd5 11. Na4 Bd7 12. Rc1 Rb8 13. b3 e6 14. e4 Nb4
15. Nc5 Bc8 16. Bxb4 Rxb4 17. Qf3 Qa5 18. O-O Qxa2 19. e5 Bxe5 20. Qxc6 Bd4 21.
Qd6 Bxc5 22. Qxc5 Qxb3 23. Qxa7 Ra4 24. Qe7 Ra2 25. Qf6 1/2-1/2